Sports Quiz

Random Sports Quiz

2012 Gymanstics Women's Team Quiz Stats

 Plays Quiz not verified by Sporcle

Support Sporcle.
Go Orange.
Score 0/8 Timer 10:00
0 Plays Today
Hint Answer % Correct
Team MemberAly Raisman
100%
Team MemberGabby Douglas
88.9%
Team MemberJordyn Wieber
77.8%
Team MemberMckayla Maroney
77.8%
Team MemberKyla Ross
55.6%
Alternate Anna Li
33.3%
AlternateSarah Finnegan
22.2%
AlternateElizabeth Price
22.2%

You're not logged in!

Compare scores with friends on all Sporcle quizzes.
OR
Log In

From the Vault

2015 Movies by Poster

by Pasi97

If you haven't gotten around to watching these yet, this is your reminder.
Remove Ads.
Support Sporcle.
Get the best of Sporcle when you Go Orange. This ad-free experience offers more features, more stats, and more fun while also helping to support Sporcle. Thank you for becoming a member.

Show Comments

Extras

Created Jan 29, 2017ReportNominate
Tags:2012, team, Women

Top Quizzes Today


Score Distribution

Your Account Isn't Verified!

In order to create a playlist on Sporcle, you need to verify the email address you used during registration. Go to your Sporcle Settings to finish the process.

Report this User

Report this user for behavior that violates our Community Guidelines.

Details: